000 00852nam a2200229Ia 4500
008 130821s2000 sp gr spa
020 _a8420637122
040 _aCo-BoUCM
_bspa
041 0 0 _aspa
100 1 _aFreud, Sigmund Schlomo
_d1856-1939
_9109116
245 1 0 _aIntroducción al psicoanálisis
_cSigmund Freud; Traducción de Luis López Ballesteros y de Torres
260 _aBarcelona (España)
_bAlianza Editorial
_c2000
300 _a530 páginas
490 _aEl Libro de Bolsillo.
_bBiblioteca Freud
_vBA 0637
650 0 4 _aPsicoanálisis
_922781
650 0 4 _aPsicología
_98001
650 0 4 _aPsicología
_vTeorías
_98001
700 1 _aLópez Ballesteros y de Torres, Luis
_etrad.
_9138045
765 _aEinführung in die psychoanalyse.
942 _cLIBRO
_2DEWEY
_a9
_e1
_h150.1952
_mF889i
_n0
999 _c44481
_d44481